|
|
|
|
| LEADER |
01792cas a2200241 a 4500 |
| 001 |
AALejournalIMF009781 |
| 008 |
230101c9999 xx r poo 0 0eng d |
| 020 |
|
|
|c 5.00 USD
|
| 020 |
|
|
|z 9781451830712
|
| 022 |
|
|
|a 1934-7685
|
| 040 |
|
|
|a BD-DhAAL
|c BD-DhAAL
|
| 110 |
2 |
|
|a International Monetary Fund.
|
| 245 |
1 |
0 |
|a Pakistan :
|b 2007 Article IV Consultation; Staff Report; Staff Statement; Public Information Notice on the Executive Board Discussion; and Statement by the Executive Director for Pakistan.
|
| 264 |
|
1 |
|a Washington, D.C. :
|b International Monetary Fund,
|c 2008.
|
| 300 |
|
|
|a 1 online resource (55 pages)
|
| 490 |
1 |
|
|a IMF Staff Country Reports
|
| 500 |
|
|
|a <strong>Off-Campus Access:</strong> No User ID or Password Required
|
| 500 |
|
|
|a <strong>On-Campus Access:</strong> No User ID or Password Required
|
| 506 |
|
|
|a Electronic access restricted to authorized BRAC University faculty, staff and students
|
| 520 |
3 |
|
|a Pakistan's economy continued to perform strongly owing to sound macroeconomic management and structural reform. Executive Directors advised that tight fiscal and monetary policies are required to reduce inflation and the external current account deficit while lessening pressures on real interest rates. They welcomed the enactment of the Anti-Money Laundering and Combating the Financing of Terrorism (AML/CLT) ordinance. They underscored the need to modernize the energy sector's regulatory and tariff framework and revive the privatization process. Directors urged action to strengthen public financial management.
|
| 538 |
|
|
|a Mode of access: Internet
|
| 830 |
|
0 |
|a IMF Staff Country Reports; Country Report ;
|v No. 2008/021
|
| 856 |
4 |
0 |
|z Full text available on IMF
|u http://elibrary.imf.org/view/journals/002/2008/021/002.2008.issue-021-en.xml
|z IMF e-Library
|